[Event "IND-ch U25"]
[Site "Kankarbagh"]
[Date "2015.10.19"]
[Round "9"]
[White "Bhatt, Jalpan"]
[Black "Ved, Prakash"]
[Result "1-0"]
[WhiteElo "2078"]
[BlackElo "1729"]
[PlyCount "115"]
[EventDate "2015.10.13"]
[EventType "swiss"]
[EventRounds "9"]
[EventCountry "IND"]
[SourceTitle "CBM 168 Extra"]
[Source "ChessBase"]
[SourceDate "2015.10.29"]
[SourceVersion "1"]
[SourceVersionDate "2015.10.29"]
[SourceQuality "1"]

1. e4 c5 2. Nf3 Nc6 3. Bb5 a6 4. Bxc6 bxc6 5. 0-0 d6 6. h3 e5 7. c3 Nf6 8. Re1 Be7 9. d4 cxd4 10. cxd4 Qc7 11. dxe5 dxe5 12. Nbd2 Bb4 13. a3 Bxd2 14. Bxd2 0-0 15. Bc3 Re8 16. Rc1 Bb7 17. Nd2 Rad8 18. Qa4 Rd3 19. Nc4 c5 20. f3 Re6 21. Red1 Bc6 22. Qa5 Qd7 23. Re1 Qe7 24. Rcd1 Rxd1 25. Rxd1 Nd7 26. Qxa6 f6 27. Qc8+ Kf7 28. Qc7 Kg6 29. Nd6 Ba4 30. Nf5 Qe8 31. b3 Bc6 32. Rd6 Rxd6 33. Qxd6 Ba8 34. Bd2 h5 35. Be3 Kh7 36. Bxc5 Qc8 37. b4 Nxc5 38. bxc5 Bc6 39. Ne7 Qb7 40. Nxc6 Qb1+ 41. Kh2 Qc1 42. Nb4 Qf4+ 43. Kg1 Qe3+ 44. Kf1 Qc1+ 45. Kf2 Qb2+ 46. Ke3 Qxa3+ 47. Nd3 Qa1 48. c6 Qg1+ 49. Kd2 Qxg2+ 50. Kc3 Qf1 51. c7 Qa1+ 52. Kd2 Qa5+ 53. Ke3 Qa8 54. Qc5 Qc8 55. h4 Kh6 56. Qb6 Qd7 57. Qb8 Qd4+ 58. Kd2 1-0